Choices for living : coping with fear of dying /
Although many books are written about bereavement, very few are written about the fear of one's own death and most of these focus chiefly on terminal illness. In contrast, this book looks at the ways in which the fear of death operates on a back burner throughout our lives and how it influences...
| Main Author: | |
|---|---|
| Corporate Author: | |
| Format: | eBook |
| Language: | English |
| Published: |
New York :
Kluwer Academic/Plenum Publishers,
[2002]
|
| Series: | PATH in psychology.
|
| Subjects: | |
| Online Access: | Connect to the full text of this electronic book Connect to the full text of this electronic book |
MARC
| Tag | First Indicator | Second Indicator | Subfields |
|---|---|---|---|
| LEADER | 00000cam a2200000Ia 4500 | ||
| 001 | in00001787713 | ||
| 005 | 20220105122717.0 | ||
| 006 | m o d | ||
| 007 | cr cn||||||||| | ||
| 008 | 030318s2002 nyu ob 001 0 eng d | ||
| 019 | |a 55046992 |a 56072317 |a 56481506 |a 66731046 |a 228375346 |a 488388412 |a 532372056 |a 559273490 |a 647316730 |a 702104460 |a 722220655 |a 871996860 | ||
| 020 | |a 030647462X |q (electronic bk.) | ||
| 020 | |a 9780306474620 |q (electronic bk.) | ||
| 020 | |z 9780306466076 | ||
| 020 | |z 0306466074 | ||
| 035 | |a (OCoLC)ocm51874458 | ||
| 035 | |a (OCoLC)51874458 |z (OCoLC)55046992 |z (OCoLC)56072317 |z (OCoLC)56481506 |z (OCoLC)66731046 |z (OCoLC)228375346 |z (OCoLC)488388412 |z (OCoLC)532372056 |z (OCoLC)559273490 |z (OCoLC)647316730 |z (OCoLC)702104460 |z (OCoLC)722220655 |z (OCoLC)871996860 | ||
| 037 | |b OverDrive, Inc. |n http://www.overdrive.com | ||
| 040 | |a N$T |b eng |e pn |c N$T |d YDXCP |d NLGGC |d OCLCQ |d TUU |d OCLCQ |d TNF |d TULIB |d OCLCQ |d VVN |d EBLCP |d TEFOD |d UAB |d DKDLA |d QT5 |d MERUC |d CCO |d E7B |d IDEBK |d OCLCO |d OCLCQ |d ZCU |d GW5XE |d OCLCF |d OCLCQ |d UtOrBLW | ||
| 049 | |a TXAM | ||
| 050 | 4 | |a RC552.F42 |b L35 2002eb | |
| 060 | 4 | |a BF 789.D4 |b L284c 2002 | |
| 072 | 7 | |a PSY |x 022060 |2 bisacsh | |
| 072 | 7 | |a SEL |x 036000 |2 bisacsh | |
| 082 | 0 | 4 | |a 616.85/225 |2 21 |
| 100 | 1 | |a Langner, Thomas S. |0 http://id.loc.gov/authorities/names/n82231975 | |
| 245 | 1 | 0 | |a Choices for living : |b coping with fear of dying / |c Thomas S. Langner. |
| 264 | 1 | |a New York : |b Kluwer Academic/Plenum Publishers, |c [2002] | |
| 264 | 4 | |c ©2002 | |
| 300 | |a 1 online resource (xiii, 308 pages) | ||
| 336 | |a text |b txt |2 rdacontent | ||
| 337 | |a computer |b c |2 rdamedia | ||
| 338 | |a online resource |b cr |2 rdacarrier | ||
| 490 | 1 | |a PATH in psychology | |
| 504 | |a Includes bibliographical references (289-298) and index. | ||
| 505 | 0 | |a Attitudes toward death -- The probable causes of the fear of dying -- Creativity -- Love -- Humor -- Intellectualization -- Procreation -- Obsessive--compulsive behavior -- Living life to the hilt, living better, living longer -- Group membership -- Religion -- Mementos and monuments -- counterphobic behavior -- Gambling -- Dissociation -- Repression/denial -- Suicide -- Projection, killing, and the problem of evil -- Summary and conclusions. | |
| 520 | |a Although many books are written about bereavement, very few are written about the fear of one's own death and most of these focus chiefly on terminal illness. In contrast, this book looks at the ways in which the fear of death operates on a back burner throughout our lives and how it influences the choices we make and the paths that we follow in life. The author presents a `moral hierarchy' of behavior used in coping with the fear of death and dying. | ||
| 588 | 0 | |a Print version record. | |
| 500 | |a Electronic resource. | ||
| 650 | 0 | |a Fear of death. |0 http://id.loc.gov/authorities/subjects/sh85047520 | |
| 650 | 0 | |a Conduct of life. |0 http://id.loc.gov/authorities/subjects/sh85030802 | |
| 650 | 2 | |a Attitude to Death. |0 https://id.nlm.nih.gov/mesh/D001293 | |
| 650 | 2 | |a Adaptation, Psychological. |0 https://id.nlm.nih.gov/mesh/D000223 | |
| 650 | 2 | |a Fear. |0 https://id.nlm.nih.gov/mesh/D005239 | |
| 650 | 4 | |a Medicine. | |
| 650 | 7 | |a PSYCHOLOGY |x Psychopathology |x Anxieties & Phobias. |2 bisacsh | |
| 650 | 7 | |a SELF-HELP |x Anxieties & Phobias. |2 bisacsh | |
| 650 | 7 | |a Conduct of life. |2 fast |0 (OCoLC)fst00874563 | |
| 650 | 7 | |a Fear of death. |2 fast |0 (OCoLC)fst00922066 | |
| 655 | 7 | |a Electronic books. |2 local | |
| 710 | 2 | |a SpringerLink (Online service) |0 http://id.loc.gov/authorities/names/no2005046756 | |
| 776 | 1 | 8 | |i Print version: |a Langner, Thomas S. |t Choices for living. |d New York : Kluwer Academic/Plenum Publishers, ©2002 |z 0306466074 |w (DLC) 2001023688 |w (OCoLC)46394821 |
| 830 | 0 | |a PATH in psychology. |0 http://id.loc.gov/authorities/names/n83720467 | |
| 856 | 4 | 0 | |u https://proxy.library.tamu.edu/login?url=http://link.springer.com/10.1007/b108480 |z Connect to the full text of this electronic book |t 0 |
| 856 | 4 | 1 | |u https://proxy.library.tamu.edu/login?url=http://www.netLibrary.com/urlapi.asp?action=summary&v=1&bookid=78432 |z Connect to the full text of this electronic book |t 0 |
| 994 | |a 92 |b TXA | ||
| 999 | |a MARS | ||
| 999 | f | f | |s 93713647-4230-36d0-8a59-7a3473ec13ca |i fc60c44c-1465-376b-b0ae-ce793bc60659 |t 0 |
| 952 | f | f | |a Texas A&M University |b College Station |c Electronic Resources |d Available Online |t 0 |e RC552.F42 L35 2002eb |h Library of Congress classification |
| 998 | f | f | |a RC552.F42 L35 2002eb |t 0 |l Available Online |